[Event "Hamburg State-ch U16"]
[Site "Cuxhaven"]
[Date "2005.03.15"]
[Round "5"]
[White "Lunderup, Sebastian"]
[Black "Carlstedt, Jonathan"]
[Result "0-1"]
[WhiteElo "1085"]
[BlackElo "1999"]
[PlyCount "42"]
[EventDate "2005.03.12"]
[EventType "swiss"]
[EventRounds "9"]
[EventCountry "GER"]
[SourceTitle "EXT 2007"]
[Source "ChessBase"]
[SourceDate "2006.11.23"]
[SourceVersion "1"]
[SourceVersionDate "2006.11.23"]
[SourceQuality "1"]

1. e4 c5 2. Nf3 d6 3. d4 cxd4 4. Nxd4 Nf6 5. Nc3 g6 6. Be3 Bg7 7. f3 0-0 8. Qd2 Nc6 9. 0-0-0 d5 10. Kb1 e5 11. exd5 Nxd4 12. f4 Nf5 13. fxe5 Nxe3 14. Qxe3 Ng4 15. Qe2 Nxe5 16. h3 Bd7 17. g4 Qb6 18. g5 Rac8 19. Ne4 Nc4 20. b3 Na3+ 21. Kc1 Rxc2+ 0-1